Prénoms des élèves de CF (2003) - Statistiques

Statistiques générales
  • Ce quiz a été pris 33 fois
  • Le résultat moyen est 15 sur 84
Statistiques - réponses
Réponse % Correct
Paul
57%
Enzo
52%
Louis
48%
Emma
43%
Mathis
43%
Thomas
43%
Camille
39%
Lisa
39%
Louise
39%
Mathéo
39%
Noa
39%
Alexandre
35%
Ali
35%
Hugo
35%
Léa
35%
Sarah
35%
Anne
30%
Marion
30%
Théo
30%
Amélie
26%
Eliott
26%
Esteban
26%
Lina
26%
Noah
26%
Rayen
26%
Sacha
26%
Victor
26%
Alix
22%
Axelle
22%
Fanny
22%
William
22%
Adèle
17%
Badjian
17%
Clémentine
17%
Erwan
17%
Myriam
17%
Nathan
17%
Yohan
17%
Annaelle
13%
Antoine Garcia
13%
Emmanuel
13%
Kosmo
13%
Océane
13%
Olivia
13%
Oubay
13%
Ruben
13%
Tristan
13%
Yasmina
13%
Antoine Quentier
9%
Bintou
9%
Calypso
9%
Carlos
9%
Céleste Lécuyer
9%
Elwakil
9%
Erika
9%
Franck
9%
Helena
9%
José Fierro
9%
Kety
9%
Louisa
9%
Lucrezia
9%
Milena
9%
Millie
9%
Namawa
9%
Shirel
9%
Sofia
9%
Teem
9%
Temo
9%
Vithushan
9%
Aliyah
4%
Bengali
4%
Céleste Deput-Rampon
4%
Divine
4%
Jeline
4%
José Balcazar
4%
Manon Gaudoin
4%
Manon Tropez
4%
Maxine
4%
Mélody
4%
Selin
4%
Tengis
4%
Dhelia
0%
Nobine
0%
Sabrine
0%
Aucun quiz correspondant
Distribution des résultats
% des personnes avec chaque résultat
Percentile par nombre de réponses
Votre historique - résultats
Vous n’avez pas pris ce quiz